000 00541nam a2200193 a 4500
005 20140310183255.0
008 041022s19uu xx 00 eng d
020 _a0534519040
050 _aH 62
_b.B18 2002
100 _aBabbie, Earl
245 _aThe basics of social research ./
_cBabbie, Earl
250 _a2nd ed.
260 _aAustralia :
_bWadsWorth,
_c2002.
300 _a460 p. :
_bill. ;
_c24 cm.
650 _aSocial sciences
_xResearch.
650 _aSocial sciences
_xMethodology.
942 _cBK
_2lcc
_kFOR
999 _c20839
_d20839